书目信息 |
| 题名: |
概念家居
|
|
| 作者: | 叶斌, , 叶猛, 著 | |
| 分册: | ||
| 出版信息: | 福州 福建科学技术出版社 2006.06 |
|
| 页数: | 223页 | |
| 开本: | 30cm | |
| 丛书名: | ||
| 单 册: | ||
| 中图分类: | TU241-64 | |
| 科图分类: | ||
| 主题词: | 住宅--zhu zhai--室内装饰--建筑设计--图集 | |
| 电子资源: | ||
| ISBN: | 7-5335-2806-9 | |
| 000 | 00933nam0 2200241 450 | |
| 001 | 012007151207 | |
| 005 | 20070920154956.21 | |
| 010 | @a7-5335-2806-9@b精装@dCNY168.00 (含光盘) | |
| 100 | @a20070821d2006 km y0chiy0120 ea | |
| 101 | 0 | @achi |
| 102 | @aCN@b350000 | |
| 105 | @aa z 000yy | |
| 200 | 1 | @a概念家居@Agai nian jia ju@e国广一叶装饰设计@f叶斌, 叶猛著@Fye bin,ye meng zhu |
| 210 | @a福州@c福建科学技术出版社@d2006.06 | |
| 215 | @a223页@c图@d30cm@e光盘1片 | |
| 330 | @a本书汇编大量室内设计工程电脑效果图及相应的平面图、立面图和文字说明,体现了当前时尚的家居设计风格趋向和作者对家居设计的最新概念理解,是作者的上述设计的概念的具体应用。 | |
| 517 | 1 | @a国广一叶装饰设计@Aguo guang yi ye zhuang shi she ji |
| 606 | 0 | @a住宅@Azhu zhai@x室内装饰@x建筑设计@j图集 |
| 690 | @aTU241-64@v4 | |
| 701 | 0 | @a叶斌,@Aye bin@f1968- @4著 |
| 701 | 0 | @a叶猛,@Aye meng@f1976- @4著 |
| 801 | 0 | @aCN@c20070920 |
| 905 | @dTU241-64@eY421 | |
| 概念家居:国广一叶装饰设计/叶斌, 叶猛著.-福州:福建科学技术出版社,2006.06 |
| 223页:图;30cm+光盘1片 |
| ISBN 7-5335-2806-9(精装):CNY168.00 (含光盘) |
| 本书汇编大量室内设计工程电脑效果图及相应的平面图、立面图和文字说明,体现了当前时尚的家居设计风格趋向和作者对家居设计的最新概念理解,是作者的上述设计的概念的具体应用。 |
| ● |
| 相关链接 |
|
|
|
正题名:概念家居
索取号:TU241-64/Y421
 
预约/预借
| 序号 | 登录号 | 条形码 | 馆藏地/架位号 | 状态 | 备注 |
| 1 | 260991 | 202609917 | 建筑库101/101建筑库 62排2列5层/ [索取号:TU241-64/Y421] | 在馆 | |
| 2 | 260992 | 202609926 | 建筑库101/101建筑库 62排2列5层/ [索取号:TU241-64/Y421] | 在馆 |